00614nam a2200193Ia 4500003000400000005001700004008004100021040002100062041000800083082002800091100002900119245006900148250002100217260003800238300002900276490003400305650004600339650003500385OSt20200429123854.0191128s1982 ck gr 000 0 spa d aCO-JMCRcCO-JMCR0 aspa04a324.286106 /bM722i2231 aMolina, Gerardo, dautor14aLas ideas liberales en Colombia : b1915-1934 / cGerardo Molina aQuinta edición aBogotá : bTercer Mundo, c1982 a294 páginas ; c19 cm.0 aManuales universitarios ; v914aFrente Nacionalxhistoriay1935zColombia14aPartidos políticoszColombia